000
00278nam a22001337a 4500
008
170802b xxu||||| |||| 00| 0 eng d
020
_a
3528049286
041
_a
eng
080
_a
004
100
_a
32
101
_a
SHK
245
_a
CIM-LEHRBUCH
_c
SCHULER,U
942
_2
udc
_c
BK
999
_c
22554
_d
22554